| 000 | 00494nam a2200181Ia 4500 | ||
|---|---|---|---|
| 005 | 20260130164411.0 | ||
| 008 | 008 250505s9999 xx 000 0 eng d | ||
| 020 | _a9789383158652 | ||
| 040 |
_beng _cILCL |
||
| 041 |
_aeng _2eng |
||
| 100 |
_aMurugan, Annamalai _91113012 |
||
| 245 | 0 | _aIndian Constitution and Human Rights - (Set of 2 Part) | |
| 250 | _a1 | ||
| 260 |
_aDelhi _bS.K Book Agency _c2022 |
||
| 300 | _axiv,239p. | ||
| 490 | _v1 & 2 | ||
| 942 |
_cTB _2Colon Classification |
||
| 999 |
_c1312120 _d1312120 |
||